Agrartechnik : Landmaschinenmartkt, Fachzeitschrift fuer d. gesamte Landestechnik
Uložené v:
| Predchádzajúci názov: | Agrartechnik international |
|---|---|
| Médium: | Časopis |
| Jazyk: | German |
| Vydané: |
Wuerzburg :
Vogel,
1985-
|
| Tagy: |
Pridať tag
Žiadne tagy, Buďte prvý kto otaguje tento záznam!
|
Titul je dostupný aj v ... 

MARC
| LEADER | 00000nas a22000001a 4500 | ||
|---|---|---|---|
| 001 | 000299821 | ||
| 003 | SVKK | ||
| 005 | 20020802084155.0 | ||
| 008 | 960805c19851990gw r|p||| |0 a0ger | ||
| 022 | |a 0179-2903 | ||
| 040 | |a BAA001 |b slo | ||
| 080 | |a 631.3 |2 2002 | ||
| 210 | 1 | |a Agrartechnik |b ((Wuerzburg)) | |
| 222 | 0 | |a Agrartechnik |b ((Wuerzburg)) | |
| 245 | 0 | 0 | |a Agrartechnik : |b Landmaschinenmartkt, Fachzeitschrift fuer d. gesamte Landestechnik |
| 260 | |a Wuerzburg : |b Vogel, |c 1985- | ||
| 310 | |a Mesačník | ||
| 362 | 0 | |a 64 (1985), No.11----- | |
| 780 | 0 | 0 | |t Agrartechnik international |x 0341-695X |
| 910 | |a KEA001 |r 1997-1998 |b C.1990 | ||
| 972 | |a C.1990 | ||
| 998 | |a SE | ||